| 000 | 00402 a2200145 4500 | ||
|---|---|---|---|
| 001 | 59731 | ||
| 082 | _a158 SAR | ||
| 090 |
_c36612 _d36612 |
||
| 100 | _aJ V Sarni | ||
| 245 |
_aAlfaz Ka Jadoo (Urdu); Talk your way to success with people _cJ V Sarni |
||
| 260 |
_aLahore _bilmo Irfan _c2008 |
||
| 300 | _a328 p | ||
| 600 | _aHafiz Muzaffar Mohsin | ||
| 740 |
_aSPEAKING POWER- SKILLS _hsuccess speaking |
||
| 942 |
_aNUST-CAE _k158.SAR |
||
| 999 |
_c294804 _d294804 |
||